Október 6.

Elmentve itt :
Bibliográfiai részletek
Dokumentumtípus: Cikk
Megjelent: 1926
Sorozat:Botond : szépirodalmi és tudományos folyóirat 2 No. 7-8
Kulcsszavak:Magyarország története 1848, Szabadságharc magyar 1848
Online Access:http://misc.bibl.u-szeged.hu/3187
LEADER 00556nab a2200157 i 4500
001 misc3187
005 20191106143038.0
008 170607s1926 hu o 0|| hun d
040 |a SZTE Miscellanea Repozitórium  |b hun 
041 |a hun 
245 0 0 |a Október 6.  |h [elektronikus dokumentum] 
260 |c 1926 
300 |a 48-49 
490 0 |a Botond : szépirodalmi és tudományos folyóirat  |v 2 No. 7-8 
695 |a Magyarország története 1848, Szabadságharc magyar 1848 
856 4 0 |u http://misc.bibl.u-szeged.hu/3187/1/botond_002_007_008_048-049.pdf  |z Dokumentum-elérés